00306nam a2200121Ia 4500003000400000005001700004008004100021020001900062040002700081100002100108245002400129260003100153OSt20240309151702.0170523s9999 xx 000 0 und d a978-9380097411 cIIMT UNIVERSITY MEERUT aSrivastava- P.K. 0aApplied Mathematics aNew Delhi : Vayu Education